| 000 | 00755nam a22002297a 4500 | ||
|---|---|---|---|
| 999 |
_c18101 _d18101 |
||
| 003 | AR-CdUCM | ||
| 008 | 190511b ||||| |||| 00| 0 spa d | ||
| 040 |
_aMUNICIPALIDAD PROVINCIAL DEL CUSCO _cBIBLIOTECA MUNICIPAL DEL CUSCO |
||
| 041 | _hfre | ||
| 082 |
_a843 / _bM15 |
||
| 100 |
_aMael, Pierre _938488 |
||
| 245 | _aEl vengador / | ||
| 260 |
_aParís : _bSociedad de ediciones literarias y artísticas, _c1908. |
||
| 300 |
_a287 páginas ; _c18 cm. |
||
| 505 | _aContenido: Tierra y cielo -- Cielo y mar -- Velocidad comparadas -- Episodios... | ||
| 650 |
_aNovela francesa _92590 |
||
| 650 |
_aFrancia _91444 |
||
| 650 |
_aLiteratura _983 |
||
| 700 |
_aMora Garcia, F. (traducción) _938489 |
||
| 942 |
_2ddc _cLIBROS |
||
| 945 |
_adavv _d2019-05-11 |
||